| 000 | 00570nam a22001577a 4500 | ||
|---|---|---|---|
| 005 | 20120418115612.0 | ||
| 020 |
_a8188340103 _c395.00 |
||
| 035 | _aB-129967 | ||
| 037 |
_aDPL _bENG |
||
| 100 |
_aSamujh, Ram _945282 |
||
| 245 |
_aReservation policy : _bIts relevance in modern India / _cby Ram Samujh |
||
| 260 |
_aMumbai _bSamrudh Bharat Publication _c2005 |
||
| 300 |
_aiii, 411p. _c22 cms. |
||
| 942 |
_2ddc _cEN _h305.56 _mSAM |
||
| 999 |
_c65193 _d65193 |
||